00608 2200205 4500001002100000005001700021008004100038035002400079090002300103100001000126245008000136260002800216300003300244500005200277500002100329650002200350850000900372985000600381999001500387YOGYA-0209000007167920090227093551.0 ind  0010-020900000071679 a726.143bNas ClSK aNASIR aCandi Prambananbstuditentang tempat upacara peribadatan agama HinducNasir aYogyakartab[s.n]c1992 axiii,76,10lembarbilusc28cm aSkripsi fakultas Ushwaludin IAIN Sunan kalijaga aBibiografi=77-78 aPrambanan (candi) aBPAD a1 a08A0035883